000 00348nam a2200133 i 4500
001 bg
100 1 _aABRASZEWSKI, Andrzej
245 0 _aPolska w Organizacji Narodów Zjednoczonych (1945-1975) /
_cAndrzej Abraszewski.
260 _aWarszawa,
_c1975.
040 _cBPK
041 _apol
942 _cKS
008 s pl f |000 0 pol
999 _c26839
_d26839
856 _uhttp://koha.tu.koszalin.pl/cgi-bin/koha/opac-detail.pl?biblionumber=26839
_yKatalog online BPK